|
|
|
|
| LEADER |
00000cam a22000004a 4500 |
| 001 |
musev2_26323 |
| 003 |
MdBmJHUP |
| 005 |
20230905042808.0 |
| 006 |
m o d |
| 007 |
cr||||||||nn|n |
| 008 |
130320t20132013pau o 00 0 eng d |
| 020 |
|
|
|a 9780812208696
|
| 020 |
|
|
|z 9780812245493
|
| 035 |
|
|
|a (OCoLC)867739366
|
| 040 |
|
|
|a MdBmJHUP
|c MdBmJHUP
|
| 100 |
1 |
|
|a Dane, Joseph A.,
|e author.
|
| 245 |
1 |
0 |
|a Blind Impressions :
|b Methods and Mythologies in Book History /
|c Joseph A. Dane.
|
| 250 |
|
|
|a 1st ed.
|
| 264 |
|
1 |
|a Philadelphia :
|b University of Pennsylvania Press,
|c [2013]
|
| 264 |
|
3 |
|a Baltimore, Md. :
|b Project MUSE,
|c 2013
|
| 264 |
|
4 |
|c ©[2013]
|
| 300 |
|
|
|a 1 online resource (228 pages):
|b illustrations
|
| 336 |
|
|
|a text
|b txt
|2 rdacontent
|
| 337 |
|
|
|a computer
|b c
|2 rdamedia
|
| 338 |
|
|
|a online resource
|b cr
|2 rdacarrier
|
| 490 |
0 |
|
|a Material texts
|
| 505 |
0 |
|
|a Paleography versus typography -- "Ca. 1800": what's in a date? -- Bibliographers of the mind -- Herman R. Mead's Incunabula in the Huntington Library and the notion of "Typographical Value" -- Catchtitles in English books to 1550 -- An editorial propaedeutic -- Book history and book histories: on making of lists -- Meditation on the composing stick -- The red and the black -- Fragments -- The nature and function of scholarly illustration in a digital world -- Art of the mind.
|
| 520 |
|
|
|a Joseph A. Dane examines the field of material book history by questioning its most basic assumptions and definitions: How is print defined? What are the limits of printing history? What constitutes evidence?
|
| 546 |
|
|
|a In English.
|
| 588 |
|
|
|a Description based on print version record.
|
| 650 |
|
7 |
|a Type and type-founding
|x Historiography.
|2 fast
|0 (OCoLC)fst01159957
|
| 650 |
|
7 |
|a Type and type-founding.
|2 fast
|0 (OCoLC)fst01159951
|
| 650 |
|
7 |
|a Printing
|x Historiography.
|2 fast
|0 (OCoLC)fst01076630
|
| 650 |
|
7 |
|a Printing.
|2 fast
|0 (OCoLC)fst01076612
|
| 650 |
|
7 |
|a Bibliography
|x Methodology.
|2 fast
|0 (OCoLC)fst00831369
|
| 650 |
|
7 |
|a LITERARY CRITICISM
|x European
|x English, Irish, Scottish, Welsh.
|2 bisacsh
|
| 650 |
|
6 |
|a Imprimerie
|x Histoire.
|
| 650 |
|
6 |
|a Bibliographie
|x Methodologie
|x Histoire.
|
| 650 |
|
6 |
|a Bibliographie
|x Methodologie.
|
| 650 |
|
0 |
|a Type and type-founding
|x Historiography.
|
| 650 |
|
0 |
|a Type and type-founding
|x History.
|
| 650 |
|
0 |
|a Printing
|x Historiography.
|
| 650 |
|
0 |
|a Printing
|x History.
|
| 650 |
|
0 |
|a Bibliography
|x Methodology
|x History.
|
| 650 |
|
0 |
|a Bibliography
|x Methodology.
|
| 655 |
|
7 |
|a History.
|2 fast
|0 (OCoLC)fst01411628
|
| 655 |
|
7 |
|a Electronic books.
|2 local
|
| 710 |
2 |
|
|a Project Muse.
|e distributor
|
| 830 |
|
0 |
|a Book collections on Project MUSE.
|
| 856 |
4 |
0 |
|z Texto completo
|u https://projectmuse.uam.elogim.com/book/26323/
|
| 945 |
|
|
|a Project MUSE - Custom Collection
|
| 945 |
|
|
|a Project MUSE - 2013 Literature
|
| 945 |
|
|
|a Project MUSE - 2013 Complete
|